Missing Word: Car Nicknames Quiz Stats

 Plays Quiz not verified by Sporcle

Challenge
Share
Tweet
Embed
Score 0/12 Timer 02:00
0 Plays Today
Car Nickname Missing Word % Correct
TV ShowsMystery
89.2%
TV ShowsLee
69.2%
MoviesLightning
69.2%
TV ShowsMach
40%
MoviesEcto
33.8%
TV ShowsBeauty
32.3%
TV ShowsTomato
20%
MoviesSilver
18.5%
Moviesurban
16.9%
MoviesTruckster
16.9%
TV ShowsGray
9.2%
MoviesSpecial
9.2%

You're not logged in!

Compare scores with friends on all Sporcle quizzes.
OR
Log In

You Might Also Like...

Show Comments

Extras

Created Jul 30, 2011ReportNominate
Tags:Missing Word Quiz

Top Quizzes Today


Score Distribution

Your Account Isn't Verified!

In order to create a playlist on Sporcle, you need to verify the email address you used during registration. Go to your Sporcle Settings to finish the process.

Report this User

Report this user for behavior that violates our Community Guidelines.

Details: